A Quiz About Fish - Statistics

General Stats
  • This quiz has been taken 32 times
  • The average score is 8 of 16
Answer Stats
Hint Answer % Correct
Fish capable of inflating body when threatened Pufferfish
93%
Freshwater fish with whisker-like barbels Catfish
90%
Reef fish with bright orange body and white stripes Clownfish
83%
Fish famous for jumping waterfalls during migration Salmon
79%
Fish with long bill used to slash prey Swordfish
62%
Deep-sea fish with bioluminescent lure Anglerfish
59%
Freshwater species known for powerful bite relative to body size Piranha
55%
Fish with long, whip-like tail and venomous stingers Stingray
55%
Freshwater fish domesticated in China over a thousand years ago Goldfish
52%
Small marine fish with upright swimming posture and prehensile tail Seahorse
45%
Fish with sharp spines along dorsal fin and venomous sting Stonefish
31%
Fish with metallic blue-green back and dark wavy stripes Mackerel
17%
Predatory freshwater fish with sharp teeth, native to Africa Tigerfish
17%
Colorful reef fish that sleeps in mucus cocoon for protection Parrotfish
14%
Fish with transparent body found in deep ocean Barreleye
3%
Deep-sea fish with fang-like teeth and expandable stomach Fangtooth
3%
No matching quizzes found
Score Distribution
Percent of People with Each Score
Percentile by Number Answered
Your Score History
You have not taken this quiz